[Event "Bundesliga 2013-14"]
[Site "Katernberg GER"]
[Date "2014.03.15"]
[Round "11"]
[White "Nikolic,Pr"]
[Black "Romanov,E"]
[Result "0-1"]
[WhiteElo "2620"]
[BlackElo "2654"]

1.d4 Nf6 2.c4 e6 3.Nf3 b6 4.g3 Ba6 5.Nbd2 Bb7 6.Bg2 c5 7.dxc5 bxc5 8.O-O Be7
9.Re1 d6 10.e4 Nfd7 11.Nb1 Nc6 12.Nc3 O-O 13.Rb1 Qb8 14.Bg5 Bxg5 15.Nxg5 h6
16.Nh3 Nd4 17.f4 f5 18.Nf2 Qc7 19.b4 Nb6 20.Qd3 Rad8 21.Nb5 Nxb5 22.cxb5 c4
23.Qe3 Qd7 24.a4 d5 25.a5 d4 26.Qc1 d3 27.Qc3 Na4 28.Qxc4 d2 29.Red1 Rc8
30.Qa2 Nc3 31.Rxd2 Qe8 32.Qb3 Nxb1 33.Qxb1 Qxb5 34.h4 Rc4 35.Qa2 fxe4 36.Bf1 Rc1
37.Qxe6+ Kh8 38.Nd1 Qxb4 39.Rd6 Qc5+ 40.Kh2 Rxd1 41.Rxd1 Qc2+  0-1

[Event "Bundesliga 2013-14"]
[Site "Katernberg GER"]
[Date "2014.03.16"]
[Round "12"]
[White "Grandelius,N"]
[Black "Nikolic,Pr"]
[Result "1-0"]
[WhiteElo "2547"]
[BlackElo "2620"]

1.d4 d5 2.c4 c6 3.Nf3 Nf6 4.Nc3 dxc4 5.a4 Na6 6.e3 Bg4 7.Bxc4 e6 8.O-O Nb4
9.Be2 Be7 10.e4 O-O 11.Be3 Nd7 12.Qb3 a5 13.Rfd1 Qc7 14.Rac1 Rad8 15.h3 Bh5
16.d5 Bxf3 17.Bxf3 Bc5 18.Bg5 Rde8 19.dxe6 Rxe6 20.Bg4 Rd6 21.Ne2 b6 22.Bf4 Ne5
23.Rxd6 Qxd6 24.Be3 Ned3 25.Rd1 Bxe3 26.fxe3 h5 27.Bxh5 Qh6 28.Bf3 Qxe3+
29.Kh2 c5 30.Ng3 g6 31.Be2 Rd8 32.Rf1 Rd7 33.Rf6 Kg7 34.Rxb6 Qd4 35.Bxd3 Nxd3
36.Qc3 Nf4 37.Nf5+ gxf5 38.Qg3+ Ng6 39.exf5 c4 40.Ra6 Qxb2 41.fxg6 f6 42.Rxa5 Qb3
43.Qf4 Qd3 44.Rc5 Rd4 45.Qb8 Rd8 46.Qf4 Rd4 47.Qb8 Rd8 48.Qg3 Qxg3+ 49.Kxg3 Rd4
50.a5 Kxg6 51.Kf3 Rd3+ 52.Ke4 Ra3 53.Kd4 c3 54.Kd3 f5 55.g3 Kf6 56.Kc2 Ke6
57.h4 Kf6 58.Rd5 Ra2+ 59.Kxc3 Ra3+ 60.Kb4 Rxg3 61.a6 Rg4+ 62.Ka5 Rxh4 63.a7 Rh8
64.Rb5 Ra8 65.Ka6 Kg5 66.Rb8 Rxa7+ 67.Kxa7 f4 68.Kb6 f3 69.Rf8 Kg4 70.Kc5  1-0

[Event "TCh-NED Meesterklasse 2013-14"]
[Site "Netherland NED"]
[Date "2014.03.29"]
[Round "7.2"]
[White "Nikolic,Pr"]
[Black "De Groote,J"]
[Result "1-0"]
[WhiteElo "2619"]
[BlackElo "2131"]

1.d4 Nf6 2.Nf3 e6 3.g3 d5 4.Bg2 Nbd7 5.O-O Be7 6.c4 O-O 7.Qc2 c6 8.Nbd2 b6
9.e4 Bb7 10.e5 Ne8 11.cxd5 cxd5 12.Re1 Rc8 13.Qa4 a5 14.Nf1 Bc6 15.Qb3 b5
16.Bd2 b4 17.Ne3 Nb6 18.Rec1 Qd7 19.a3 Ba4 20.Qa2 b3 21.Qb1 Ra8 22.h4 g6
23.Qd3 Ng7 24.Bf1 Rfb8 25.Rc3 Ra7 26.Rac1 Na8 27.Ng4 Nf5 28.Rc5 Qd8 29.Bg5 Bxg5
30.hxg5 Bd7 31.Nf6+ Kg7 32.g4 Ne7 33.Nd2 Ng8 34.Qh3 Nxf6 35.gxf6+ Kh8 36.R1c3 a4
37.Nf3 Qf8 38.Ng5 h6 39.Qh2  1-0

[Event "Bundesliga 2013-14"]
[Site "Eppingen GER"]
[Date "2014.04.04"]
[Round "13"]
[White "Cioara,A"]
[Black "Nikolic,Pr"]
[Result "1/2-1/2"]
[WhiteElo "2455"]
[BlackElo "2620"]

1.d4 Nf6 2.c4 e6 3.g3 Bb4+ 4.Bd2 c5 5.Bxb4 cxb4 6.Bg2 O-O 7.Nf3 Qc7 8.Nbd2 d6
9.O-O e5 10.a3 bxa3 11.Rxa3 Re8 12.e3 Bg4 13.Qb1 Nc6 14.Rc1 Bxf3 15.Nxf3 Qb6
16.b4 exd4 17.b5 dxe3 18.bxc6 exf2+ 19.Kf1 Qxc6 20.Qf5 d5 21.Nd2 Qc5 22.Rb3 Re1+
23.Rxe1 fxe1=Q+ 24.Kxe1 Re8+ 25.Kf1 Qa5 26.Qf4 dxc4 27.Rxb7 c3 28.Qc4 Qf5+
29.Bf3 Kh8 30.Qxc3  1/2-1/2

[Event "Bundesliga 2013-14"]
[Site "Eppingen GER"]
[Date "2014.04.05"]
[Round "14"]
[White "Landa,K"]
[Black "Nikolic,Pr"]
[Result "1-0"]
[WhiteElo "2640"]
[BlackElo "2620"]

1.e4 e6 2.d4 d5 3.Nc3 Bb4 4.a3 Bxc3+ 5.bxc3 dxe4 6.Qg4 Qf6 7.Qxe4 Qg6 8.Qxg6 hxg6
9.Bf4 c6 10.Nf3 Ne7 11.Bd3 Nd7 12.O-O-O b6 13.Rhe1 Bb7 14.c4 Nf6 15.h3 O-O
16.Bd6 Rfe8 17.c5 Nf5 18.Bh2 Red8 19.Bc4 Ne7 20.Bd6 Ned5 21.Kb2 Ne8 22.Bh2 Ndc7
23.Ne5 g5 24.Nf3 f6 25.cxb6 axb6 26.Bxe6+ Nxe6 27.Rxe6 Rd7 28.d5 cxd5 29.Nd4 Kf7
30.Rxb6 Ra6 31.Rb4 Nd6 32.Bxd6 Raxd6 33.a4 Ba6 34.a5 Bc4 35.Ra1 Ra6 36.Rb6 Ra8
37.Kc3 Rc7 38.Kd2 Ba6 39.Nc6 Bb7 40.Nd4 Ba6 41.Rc6 Rxc6 42.Nxc6 Ke6 43.Nd4+ Ke5
44.c3 Kd6 45.Nf5+ Kc5 46.Nxg7 Bc8 47.Nh5 f5 48.f4 gxf4 49.Nxf4 d4 50.h4 dxc3+
51.Kxc3 Ba6 52.h5  1-0

[Event "Bundesliga 2013-14"]
[Site "Eppingen GER"]
[Date "2014.04.06"]
[Round "15"]
[White "Nikolic,Pr"]
[Black "Handke,F"]
[Result "1/2-1/2"]
[WhiteElo "2620"]
[BlackElo "2541"]

1.d4 d5 2.c4 c6 3.Nc3 Nf6 4.e3 a6 5.Nf3 Bf5 6.Ne5 b5 7.cxd5 cxd5 8.Be2 h6
9.O-O e6 10.Bd2 Be7 11.a3 O-O 12.Na2 Nfd7 13.Nd3 Nc6 14.Ndb4 Na5 15.Bd3 Bxd3
16.Nxd3 Nc4 17.Bb4 a5 18.Bxe7 Qxe7 19.Nc3 Rab8 20.a4 b4 21.Nb5 Nd6 22.Nxd6 Qxd6
23.Qd2 Rfc8 24.Rfc1 Qa6 25.b3 Rb6 26.Rxc8+ Qxc8 27.Rc1 Rc6 28.h3 Rxc1+ 29.Qxc1 Qxc1+
30.Nxc1  1/2-1/2

[Event "TCh-NED Meesterklasse 2013-14"]
[Site "Netherland NED"]
[Date "2014.04.12"]
[Round "8.2"]
[White "Bertholee,R"]
[Black "Nikolic,Pr"]
[Result "0-1"]
[WhiteElo "2347"]
[BlackElo "2619"]

1.e4 e5 2.Nf3 Nc6 3.Nc3 Nf6 4.Bb5 Bb4 5.O-O O-O 6.d3 Bxc3 7.bxc3 d6 8.Re1 Bd7
9.d4 Ne7 10.dxe5 dxe5 11.Bc4 Ng6 12.Ba3 Re8 13.Qb1 Be6 14.Bf1 Bg4 15.Re3 Qc8
16.Qe1 h6 17.Nd2 b6 18.Nc4 Be6 19.Rf3 Qa6 20.Rxf6 gxf6 21.Qe3 Bxc4 22.Bxc4 Qxc4
23.Qxh6 Qxc3 24.Qg7+ Kxg7 25.Bf8+ Rxf8 26.Re1 Qxe1+  0-1

[Event "TCh-NED Meesterklasse 2013-14"]
[Site "Netherland NED"]
[Date "2014.05.10"]
[Round "9.3"]
[White "Pruijssers,R"]
[Black "Nikolic,Pr"]
[Result "1/2-1/2"]
[WhiteElo "2537"]
[BlackElo "2619"]

1.e4 e5 2.Nf3 Nc6 3.Bc4 Nf6 4.d3 Be7 5.O-O O-O 6.Re1 d6 7.a4 h6 8.c3 Be6
9.Nbd2 Bxc4 10.Nxc4 Re8 11.b4 Bf8 12.b5 Ne7 13.Ne3 Ng6 14.c4 c6 15.Rb1 Qd7
16.Qb3 Rad8 17.Bd2 d5 18.bxc6 bxc6 19.Ba5 Rc8 20.cxd5 cxd5 21.Nxd5 Nxd5 22.Qxd5  1/2-1/2